| 000 | 01130nam0a22002651 4500 | ||
|---|---|---|---|
| 001 | rc\3639640 | ||
| 005 | 20250610085827.0 | ||
| 021 |
_aRU _b[70-59367ж] |
||
| 035 | _a(NLR Aleph) 007828673 | ||
| 090 |
_a7767914 _c7767914 |
||
| 100 | _a20130115d1970 |||y0rusy50 ca | ||
| 101 | 0 | _arus | |
| 102 | _aRU | ||
| 105 | _ay z ||||| | ||
| 200 | 1 |
_aМетодологические проблемы сельскохозяйственной науки _e[Сборник статей _fРедколлегия: доц. Н.В. Суровый (отв. ред.) и др.] |
|
| 210 |
_aОдесса _cБ. и. _d1970 |
||
| 215 |
_a90 с. _d22 |
||
| 225 | 1 |
_aМинистерство сельского хозяйства СССР. Одесский сельскохозяйственный институт. Сборник научных трудов _vТ. 18. Вып. 9 |
|
| 606 |
_aСельскохозяйственная наука _xМетодология _jСборники _2psbo |
||
| 702 | 1 |
_aСуровый _bН.В. _4340 |
|
| 801 | 0 |
_aRU _bNLR _gpsbo |
|
| 801 | 1 |
_aRU _bELAR _2rusmarc |
|
| 852 |
_aNLR _jП13/411 |
||
| 942 | _cBOOK | ||
| 980 | _aNB | ||